00513 a2200169 450000100060000002000150000604000220002110000220004324000530006524500480011830000110016636200090017765000240018694200070021095201090021799900170032664029 a8585725249 cAnchieta - Pituba aPossenti, Sírio10aPor que não ensinar gramática na escolalpor10aPor que não ensinar gramática na escola a95 p. 0 a2006 4aLíngua portuguesa cBK 00104070a91.1b91.1d2023-11-21l0o469 P856p POS PORp17637/PITr2023-11-21 18:32:27w2023-11-21yBK c64029d64029